Població i superfície dels municipis de la província de Barcelona
Descripción Física:
[7] p. : taules ; 20 cm
MARC
| LEADER | 00000nam a2200000Ia 4500 | ||
|---|---|---|---|
| 001 | 18608 | ||
| 008 | 160829s9999 xx 000 0 cat d | ||
| 080 | |a FU-33-39 | ||
| 245 | |a Població i superfície dels municipis de la província de Barcelona | ||
| 260 | |a Barcelona : |b Diputació de Barcelona, [199 - ?] | ||
| 300 | |a [7] p. : |b taules ; |c 20 cm | ||
| 650 | 0 | |a Ordenació del territori |z Barcelona (Província) |9 45062 | |
| 650 | |a Barcelona (Província) |x Estadístiques |9 42564 | ||
| 710 | 1 | |a Barcelona (Catalunya : Província). |b Diputació |9 52408 | |
| 901 | |a Arxiu | ||
| 942 | |n 1 | ||
| 952 | |0 0 |1 0 |4 0 |6 FU3339 |7 1 |9 50903 |a Arxiu |b Arxiu |d 2016-12-01 |l 0 |o FU-33-39 |p 18608 |r 2016-12-01 00:00:00 |w 2016-12-01 |y ARXIU | ||
| 999 | |c 54745 |d 54745 | ||